00410nam a2200181Ia 4500008004100000020001800041050001400059100001700073245002100090245001700111260001500128260001600143260000900159300001500168300002700183300001000210500000800220170918s9999 xx 000 0 und d a9781846967054 bR777 2008 aRooney, Anne aVampire castle / cAnne Rooney. aNew York : bScholastic, c2008 a32 pages : bcolored illustration ; c26cm. a550